Helping children who are blind : (Record no. 133620)

MARC details
000 -LEADER
fixed length control field 00772nam a2200229 a 4500
008 - FIXED-LENGTH DATA ELEMENTS--GENERAL INFORMATION
fixed length control field
020 ## - INTERNATIONAL STANDARD BOOK NUMBER
International Standard Book Number 0942364341 (pbk.)
049 ## - LOCAL HOLDINGS (OCLC)
Holding library MAIN
090 ## - LOCALLY ASSIGNED LC-TYPE CALL NUMBER (OCLC); LOCAL CALL NUMBER (RLIN)
Classification number (OCLC) (R) ; Classification number, CALL (RLIN) (NR) HV1596.4
Local cutter number (OCLC) ; Book number/undivided call number, CALL (RLIN) NIE
003 - CONTROL NUMBER IDENTIFIER
control field
005 - DATE AND TIME OF LATEST TRANSACTION
control field 20230123124959.0
040 ## - CATALOGING SOURCE
Transcribing agency NUST
100 1# - MAIN ENTRY--PERSONAL NAME
Personal name Niemann, Sandy.
245 10 - TITLE STATEMENT
Title Helping children who are blind :
Remainder of title family and community support for children with visions problems /
Statement of responsibility, etc. Sandy Niemann and Namita Jacob.
260 ## - PUBLICATION, DISTRIBUTION, ETC.
Place of publication, distribution, etc. The Hesperian Foundation :
Name of publisher, distributor, etc. Berkeley,
Date of publication, distribution, etc. 2000.
300 ## - PHYSICAL DESCRIPTION
Extent 192 p. :
Other physical details ill. ;
Dimensions 25 cm.
650 ## - SUBJECT ADDED ENTRY--TOPICAL TERM
Topical term or geographic name entry element Visual handicapped children
General subdivision Services for.
650 #1 - SUBJECT ADDED ENTRY--TOPICAL TERM
Topical term or geographic name entry element Children, Blind
General subdivision Family relationship.
700 ## - ADDED ENTRY--PERSONAL NAME
Personal name Jacob, Namita.
907 ## - LOCAL DATA ELEMENT G, LDG (RLIN)
a .b10270607
b 26-10-09
c 26-10-09
942 ## - ADDED ENTRY ELEMENTS (KOHA)
Koha item type Ordinary Loan Books
Call number prefix HV1596.4
Call number suffix NIE
Holdings
Date last seen Total Checkouts Full call number Barcode Cost, replacement price Price effective from Koha item type Lost status Source of classification or shelving scheme Damaged status Not for loan Collection Withdrawn status Home library Current library Shelving location Date acquired Cost, normal purchase price
01/23/2023   HV1596.4 NIE 92004011278 80.00 01/23/2023 BOOKS   LCC     NFIC   MAIN MAIN GEN 01/23/2023 80.00